| 000 | 00372nam a2200157Ia 4500 | ||
|---|---|---|---|
| 008 | 230719s9999 xx 000 0 und d | ||
| 041 | _aeng | ||
| 082 |
_a823.3 _bBHA |
||
| 100 |
_aBhagat C. _9109656 |
||
| 245 |
_a2 States _bThe Story Of My Marriage |
||
| 260 |
_c2009 _bRupa.Co |
||
| 300 | _a269 | ||
| 365 |
_cRs. _b95.00 |
||
| 700 |
_aBhagat C. _9109656 |
||
| 906 | _b47 | ||
| 999 |
_c354625 _d354625 |
||